000 00541nam a2200217 i 4500
001 C2-0216354
003 PPAK
005 20180728105028.0
008 990519s1964 nz |||| ||||| | eng d
040 _aPPAK
_beng
_cPPAK
_erda
082 0 4 _a823
_2 23
090 0 0 _a823
_bSAU
_dKSA
100 1 _aBellow,Saul,
_eauthor
245 1 0 _aHerzog
264 1 _aNew Zealand :
_bPenguin Books ,
_c1964
300 _a347 pages.
336 _2rdacontent
_atext
337 _2rdamedia
_aunmediated
338 _2rdacarrier
_avolume
942 _ddc
_cB
999 _c160003
_d160003